Detalles MARC
| 000 -CABECERA |
| campo de control de longitud fija |
00974nam a2200229 a 4500 |
| 001 - NÚMERO DE CONTROL |
| campo de control |
000025153 |
| 005 - FECHA Y HORA DE LA ÚLTIMA TRANSACCIÓN |
| campo de control |
20200930023606.0 |
| 008 - DATOS DE LONGITUD FIJA--INFORMACIÓN GENERAL |
| campo de control de longitud fija |
110210s1997 sp ab r 000 0 spa d |
| 020 ## - NÚMERO INTERNACIONAL ESTÁNDAR DEL LIBRO |
| Número Internacional Estándar del Libro |
9284402123 |
| 040 ## - FUENTE DE LA CATALOGACIÓN |
| Centro catalogador/agencia de origen |
DO-SdBNP |
| Lengua de catalogación |
spa |
| Centro/agencia transcriptor |
BNPHU |
| 041 17 - CÓDIGO DE LENGUA |
| Código de lengua del texto/banda sonora o título independiente |
spa |
| Fuente del código |
eng |
| 041 17 - CÓDIGO DE LENGUA |
| Código de lengua del texto/banda sonora o título independiente |
spa |
| Fuente del código |
fre |
| 082 ## - NÚMERO DE LA CLASIFICACIÓN DECIMAL DEWEY |
| Número de clasificación |
xxxx |
| Número de documento/Ítem |
S471o |
| 049 ## - FONDOS LOCALES (OCLC) |
| Fondos de biblioteca |
BNGR |
| 111 1# - ENTRADA PRINCIPAL--NOMBRE DE CONGRESO/REUNIÓN |
| Nombre de congreso/reunión o jurisdicción como elemento de entrada |
Seminario sobre la fiscalidad del turismo |
| Fecha del congreso/reunión |
(1997 enero. 27-28 : |
| Sede del congreso/Lugar de la reunión |
Madrid, España) |
| 9 (RLIN) |
51584 |
| 245 10 - MENCIÓN DE TÍTULO |
| Título |
Seminario sobre fiscalía del turismo : |
| Resto del título |
ponencias /. |
| 260 ## - PUBLICACIÓN, DISTRIBUCIÓN, ETC. |
| Lugar de publicación, distribución, etc. |
Madrid : |
| Nombre del editor, distribuidor, etc. |
Organización Mundial del Turismo, |
| Fecha de publicación, distribución, etc. |
1997. |
| 300 ## - DESCRIPCIÓN FÍSICA |
| Extensión |
v. p. : |
| Otras características físicas |
il., mapas. ; |
| Dimensiones |
29 cm. |
| 500 ## - NOTA GENERAL |
| Nota general |
En la portada: Una publicación de los miembros afiliados de la OMT. A wto affiliate members publication. Une publication des membres affilies de l´OMT. |
| 711 2# - PUNTO DE ACCESO ADICIONAL--NOMBRE DE REUNIÓN/CONGRESO |
| Nombre de congreso/reunión o jurisdicción como elemento de entrada |
Seminar on tourism taxation |
| Fecha del congreso/reunión |
(1997 jan. 27-28 : |
| Sede del congreso/Lugar de la reunión |
Madrid, Spain) |
| 9 (RLIN) |
51585 |
| 711 2# - PUNTO DE ACCESO ADICIONAL--NOMBRE DE REUNIÓN/CONGRESO |
| Nombre de congreso/reunión o jurisdicción como elemento de entrada |
Séminaire sur la fiscalité du tourisme |
| Fecha del congreso/reunión |
(1997 janvier 27-28 : |
| Sede del congreso/Lugar de la reunión |
Madrid, Espagne) |
| 9 (RLIN) |
51586 |